| 000 -CABECERA |
| fixed length control field |
01058nam a22002537a 4500 |
| 003 - IDENTIFICADOR DEL NÚMERO DE CONTROL |
| control field |
AR-CdUCM |
| 008 - DATOS DE LONGITUD FIJA--INFORMACIÓN GENERAL |
| fixed length control field |
190415b ||||| |||| 00| 0 spa d |
| 040 ## - FUENTE DE LA CATALOGACIÓN |
| Agencia/entidad que catalogó originalmente la obra |
MUNICIPALIDAD PROVINCIAL DEL CUSCO |
| Entidad que transcribió la catalogación |
BIBLIOTECA MUNICIPAL DEL CUSCO |
| 082 ## - NÚMERO DE LA CLASIFICACIÓN DECIMAL DEWEY |
| No. de Clasificación |
985.612 / |
| Notacion interna |
G24 |
| 100 ## - ENTRADA PRINCIPAL--NOMBRE DE PERSONA |
| Nombre Personal |
García, José Uriel |
| 245 ## - MENCIÓN DE TÍTULO |
| Título |
Machu Picchu, un centro incaico de trabajo femenino : |
| Resto del título |
documento de piedra para la historia de los incas / |
| 260 ## - PUBLICACIÓN, DISTRIBUCIÓN, ETC. |
| Lugar de publicación, distribución, etc. |
Cusco : |
| Nombre de la editorial, distribuidor, etc. |
Instituto Americano de Arte del Cusco, |
| Fecha de publicación, distribución, etc. |
2011. |
| 300 ## - DESCRIPCIÓN FÍSICA |
| Nº de Páginas Extensión |
99 páginas ; |
| Otros detalles físicos |
Ilustraciones, |
| Dimensiones |
23 cm. |
| 505 ## - NOTA DE CONTENIDO CON FORMATO |
| Nota de contenido formateada |
Contenidos: Machu-Picchu, un centro incaico de trabajo femenino Documento de piedra para la historia de los incas. |
| 650 ## - PUNTO DE ACCESO ADICIONAL DE MATERIA--TÉRMINO DE MATERIA |
| Descriptor |
Santuario Histórico de Machu Picchu |
| 9 (RLIN) |
6214 |
| 650 ## - PUNTO DE ACCESO ADICIONAL DE MATERIA--TÉRMINO DE MATERIA |
| Descriptor |
Época Prehispánica |
| 9 (RLIN) |
2714 |
| 650 ## - PUNTO DE ACCESO ADICIONAL DE MATERIA--TÉRMINO DE MATERIA |
| Descriptor |
Aspectos sociales |
| 9 (RLIN) |
262 |
| 650 ## - PUNTO DE ACCESO ADICIONAL DE MATERIA--TÉRMINO DE MATERIA |
| Descriptor |
Mujeres |
| 9 (RLIN) |
3760 |
| 650 ## - PUNTO DE ACCESO ADICIONAL DE MATERIA--TÉRMINO DE MATERIA |
| Descriptor |
Perú |
| 9 (RLIN) |
35 |
| 710 ## - PUNTO DE ACCESO ADICIONAL--NOMBRE DE ENTIDAD CORPORATIVA |
| Nombre corporativo (En letras Mayúsculas) |
Instituto Americano de Arte (Cusco) |
| 9 (RLIN) |
31997 |
| 710 ## - PUNTO DE ACCESO ADICIONAL--NOMBRE DE ENTIDAD CORPORATIVA |
| Nombre corporativo (En letras Mayúsculas) |
Sociedad Pro Cultura Clorinda Matto de Turner (Cusco) |
| 9 (RLIN) |
31998 |
| 942 ## - ELEMENTOS DE PUNTO DE ACCESO ADICIONAL (KOHA) |
| Fuente de clasificación |
|
| Tipo de item |
Libros-BMC |
| 945 ## - PROCESAMIENTO DE INFORMACIÓN LOCAL (OCLC) |
| Catalogador |
acv |
| AAAA-MM-DD - Fecha de ingreso o modificacion |
2019-04-15 |